Normal view
MARC view
- Sup : Dr. Attaullah Y. Memon
Entry Personal Name
001 - CONTROL NUMBER
- control field: 30369
003 - CONTROL NUMBER IDENTIFIER
- control field: NUST
005 - DATE AND TIME OF LATEST TRANSACTION
- control field: 20200921120128.0
008 - FIXED-LENGTH DATA ELEMENTS
- fixed length control field: 200921|| aca||aabn | a|a d
040 ## - CATALOGING SOURCE
- Original cataloging agency: NUST
- Transcribing agency: NUST
100 ## - HEADING--PERSONAL NAME
- Personal name: Sup : Dr. Attaullah Y. Memon
670 ## - SOURCE DATA FOUND
- Source citation: Work cat.: (NUST): Sami Khan, Hammad 30368, Robust Control Design for DC/DC Converter and its Hardware Implementation /, 2017.
